01254nam a2200301Ia 450000500170000000800410001702000180005810000280007624500620010425000380016630000640020449000450026852001470031352100550046053400150051565000480053065000490057865000470062765000350067465000290070970000300073826400500076833600270081833700330084533800280087804000350090608400110094120220316235954.0141031s2013 mx a g 000 j spa  a97896816397161 aBrowne, Anthony d1946-13aEl túnel cAnthony Browne ; traducido por Carmen Esteva a1a. ediciónb12a. reimpresión a[26] páginas sin enumerar bilustraciones en colorc20 cm aLos especiales de a la orilla del viento aRelato que aborda relaciones de conflicto entre hermanos que con personalidades tan diferentes pueden llegar al final resolver sus diferencias aRecomendado para niños a partir de 3 a 5 años  tThe Tunnel142LEMBaCuentos infantiles inglesesySiglo XX142LEMBaLiteratura infantil inglesa ySiglo XX142LEMBaHermanos y hermanas en la literatura142LEMBaFamilia en la literatura142LEMBaJuegos infantiles 1 aEsteva, Carmenetraductor aMéxico bFondo de Cultura Económicac2013 atextobtxt2rdacontent asin mediaciónbn2rdamedia avolumenbnc2rdacarrier aCO-BoRNBPbspaerdacCO-BoRNBP aC BRO1